000 00354nam a2200145Ia 4500
008 230711s9999||||xx |||||||||||||| ||und||
041 _aENG
082 _a4
_bBR-C
100 _aBritish Computer Society
245 2 _aA glossary of computer terms
250 _a1st
260 _c1987
_aNew York
_bC Uni Press
650 _aComputer Engineering
942 _cBK
999 _c649
_d649